[Event "8th Southwest Class"]
[Site "Forth Worth, TX"]
[Date "2017.02.20"]
[Round "9.2"]
[White "GM Belous, Vladimir"]
[Black "IM Li, Ruifeng"]
[Result "1/2-1/2"]
[WhiteElo "2577"]
[BlackElo "2561"]
[PlyCount "120"]
[EventDate "2017.02.??"]
[EventType "swiss"]
[EventRounds "9"]
[EventCountry "USA"]

1. c4 c6 2. Nf3 d5 3. e3 Nf6 4. d4 e6 5. Nc3 Nbd7 6. Qc2 Bd6 7. Bd3 O-O 8. O-O
dxc4 9. Bxc4 b5 10. Be2 a6 11. Rd1 Qc7 12. Ne4 Nxe4 13. Qxe4 Bb7 14. Qh4 c5 15.
Bd2 Nf6 16. dxc5 Bxc5 17. Bc3 Qe7 18. Qg5 Rfc8 19. a3 h6 20. Qg3 Rd8 21. Be5
Nh5 22. Qh3 Nf6 23. Qg3 Nh5 24. Qh3 Nf6 25. Nd4 Rac8 26. Qg3 Ne8 27. Nb3 Bb6
28. Bf3 f6 29. Bd4 Bc7 30. Qh3 Bxf3 31. Qxf3 e5 32. Bc3 Bb6 33. Rxd8 Rxd8 34.
Qc6 Qd6 35. Qxd6 Nxd6 36. Rf1 Nc4 37. a4 b4 38. Bxb4 Bxe3 39. Na5 Nxa5 40. Bxa5
Rd5 41. fxe3 Rxa5 42. b4 Rd5 43. Rb1 Kf7 44. b5 axb5 45. axb5 Rd7 46. Kf2 Ke6
47. e4 h5 48. h3 Ke7 49. Rb3 Ke6 50. Kf3 Rb7 51. g4 hxg4+ 52. Kxg4 g6 53. h4
Rb6 54. Rb1 Kd6 55. Rd1+ Kc5 56. h5 gxh5+ 57. Kxh5 Kxb5 58. Rb1+ Kc5 59. Rxb6
Kxb6 60. Kg6 Kc6 1/2-1/2

[Event "8th Southwest Class"]
[Site "Forth Worth, TX"]
[Date "2017.02.20"]
[Round "9.3"]
[White "IM Matsenko, Sergei"]
[Black "GM Popilski, Gil"]
[Result "0-1"]
[WhiteElo "2522"]
[BlackElo "2539"]
[PlyCount "66"]
[EventDate "2017.02.??"]
[EventType "swiss"]
[EventRounds "9"]
[EventCountry "USA"]

1. Nf3 c5 2. c4 Nf6 3. Nc3 e6 4. g3 d5 5. cxd5 Nxd5 6. Bg2 Nc6 7. O-O Be7 8. d4
O-O 9. Nxd5 exd5 10. dxc5 Bxc5 11. Bg5 Qd7 12. Qc2 Bb6 13. Rad1 Re8 14. Bc1 h6
15. a3 Qg4 16. b4 Bf5 17. Qd2 Be4 18. Bb2 Rad8 19. Qf4 Qh5 20. b5 Na5 21. Bd4
Nc4 22. Bxb6 axb6 23. Qc7 Rc8 24. Qd7 Nxa3 25. Rc1 Rcd8 26. Qxb7 d4 27. Qa7 d3
28. Qxa3 dxe2 29. Rfe1 Rd3 30. Rc3 Rd1 31. Re3 Qxb5 32. Qc3 Bb7 33. h3 Rc8 0-1

[Event "8th Southwest Class"]
[Site "Forth Worth, TX"]
[Date "2017.02.20"]
[Round "9.4"]
[White "FM Hilby, Craig"]
[Black "GM Kadric, Denis"]
[Result "1/2-1/2"]
[WhiteElo "2547"]
[BlackElo "2333"]
[PlyCount "68"]
[EventDate "2017.02.??"]
[EventType "swiss"]
[EventRounds "9"]
[EventCountry "USA"]

1. e4 e5 2. Nf3 Nc6 3. Bc4 Bc5 4. c3 Nf6 5. d3 d6 6. O-O a6 7. Bb3 Ba7 8. h3
O-O 9. Be3 Be6 10. Bc2 d5 11. Bxa7 Rxa7 12. Nbd2 h6 13. Re1 Re8 14. exd5 Bxd5
15. b4 Ra8 16. a4 Qd6 17. Re3 a5 18. b5 Nb8 19. Qe2 Nbd7 20. Nh4 Be6 21. Ne4
Nxe4 22. dxe4 Nf6 23. Nf5 Bxf5 24. exf5 Rad8 25. Bb3 Qd2 26. Qc4 Qd5 27. Qxd5
Nxd5 28. Bxd5 Rxd5 29. Rae1 Rc5 30. Rd1 Kf8 31. Rd7 Re7 32. Rd8+ Re8 33. Rd7 b6
34. Kf1 Re7 1/2-1/2

[Event "8th Southwest Class"]
[Site "Forth Worth, TX"]
[Date "2017.02.20"]
[Round "9.5"]
[White "IM Nakar, Eylon"]
[Black "GM Hernandez, Holden"]
[Result "0-1"]
[WhiteElo "2478"]
[BlackElo "2496"]
[PlyCount "72"]
[EventDate "2017.02.??"]
[EventType "swiss"]
[EventRounds "9"]
[EventCountry "USA"]

1. d4 Nf6 2. c4 e6 3. Nc3 Bb4 4. f3 c5 5. d5 Bxc3+ 6. bxc3 e5 7. e4 d6 8. Ne2
Nbd7 9. Ng3 Nf8 10. Be3 Ng6 11. Qd2 O-O 12. Bd3 h6 13. Nf5 Nh7 14. h4 Re8 15.
g4 Bxf5 16. gxf5 Ngf8 17. Qg2 Kh8 18. Kf2 Nd7 19. Rag1 Rg8 20. Rh3 Ndf6 21. Rb1
Qa5 22. Rxb7 Rab8 23. Rxf7 Rb2+ 24. Be2 Qxa2 25. Kf1 Qb1+ 26. Kf2 Qd1 27. Qf1
Qd3 28. Rxa7 Nh5 29. Rh2 N7f6 30. Rg2 Rgb8 31. Bc1 Rc2 32. Ra5 Qxc3 33. Ra3
Qd4+ 34. Be3 Qb2 35. Rd3 Qa2 36. Qd1 Rbb2 0-1

[Event "8th Southwest Class"]
[Site "Forth Worth, TX"]
[Date "2017.02.20"]
[Round "9.6"]
[White "IM Javakhadze, Zurab"]
[Black "GM Alejano, Carlos"]
[Result "1/2-1/2"]
[WhiteElo "2469"]
[BlackElo "2496"]
[PlyCount "78"]
[EventDate "2017.02.??"]
[EventType "swiss"]
[EventRounds "9"]
[EventCountry "USA"]

1. Nf3 e6 2. g3 Nf6 3. Bg2 d5 4. O-O Be7 5. c4 dxc4 6. Qa4+ Nbd7 7. Qxc4 a6 8.
Qc2 Rb8 9. b3 c5 10. d4 b5 11. Bf4 Rb6 12. Ne5 Bb7 13. Bxb7 Rxb7 14. Nc6 Qb6
15. Nxe7 Kxe7 16. dxc5 Qxc5 17. Qb2 Rd8 18. Nd2 Kf8 19. Rac1 Qb6 20. Be3 Qd6
21. Rfd1 Qe7 22. Nf3 Kg8 23. Qd2 Ra8 24. Nd4 Ne5 25. Bf4 Ng6 26. Bg5 Rd7 27.
Qe1 Rd5 28. Nc6 Qd7 29. Bxf6 gxf6 30. Rxd5 Qxd5 31. Nb4 Qe4 32. Nd3 Ne5 33.
Nxe5 Qxe5 34. Qd2 a5 35. a4 Kg7 36. axb5 Qxb5 37. Rc4 h5 38. Qc2 Rb8 39. Rc3
Qd5 1/2-1/2

[Event "8th Southwest Class"]
[Site "Forth Worth, TX"]
[Date "2017.02.20"]
[Round "9.7"]
[White "IM Chandra, Akshat"]
[Black "GM Zherebukh, Yaroslav"]
[Result "1/2-1/2"]
[WhiteElo "2512"]
[BlackElo "2614"]
[PlyCount "68"]
[EventDate "2017.02.??"]
[EventType "swiss"]
[EventRounds "9"]
[EventCountry "USA"]

1. e4 c5 2. Nf3 d6 3. Bb5+ Nd7 4. c3 Ngf6 5. Qe2 a6 6. Ba4 b5 7. Bc2 Bb7 8. d4
e6 9. O-O Be7 10. Re1 O-O 11. Nbd2 cxd4 12. cxd4 Rc8 13. Nf1 e5 14. Ng3 exd4
15. Nxd4 Re8 16. Bf4 Bf8 17. Rad1 g6 18. Qd2 Ng4 19. Bg5 Qb6 20. Bb3 Nge5 21.
Bh6 Be7 22. Bg5 Bf8 23. Bh6 Be7 24. Qf4 Bf6 25. Nf3 Re7 26. Bg5 Nxf3+ 27. gxf3
Bxg5 28. Qxg5 Re5 29. Qh6 Re7 30. Qg5 Rce8 31. Nf5 Re5 32. Qh6 gxf5 33. Rxd6
Qa5 34. Rg6+ hxg6 1/2-1/2

[Event "8th Southwest Class"]
[Site "Forth Worth, TX"]
[Date "2017.02.20"]
[Round "9.9"]
[White "IM Brown, Michael"]
[Black "IM Stremavicius, Titas"]
[Result "1/2-1/2"]
[WhiteElo "2466"]
[BlackElo "2468"]
[PlyCount "48"]
[EventDate "2017.02.??"]
[EventType "swiss"]
[EventRounds "9"]
[EventCountry "USA"]

1. d4 f5 2. g3 Nf6 3. Bg2 g6 4. Nf3 Bg7 5. O-O O-O 6. c4 d6 7. Nc3 Nc6 8. d5
Na5 9. Nd2 c5 10. Rb1 e5 11. dxe6 Bxe6 12. b3 d5 13. cxd5 Nxd5 14. Nxd5 Bxd5
15. Nc4 Bxg2 16. Kxg2 Nxc4 17. bxc4 b6 18. Bf4 Re8 19. Qc2 Qe7 20. Rfe1 Rad8
21. h4 Bf6 22. f3 Be5 23. Bg5 Bf6 24. Bf4 Be5 1/2-1/2

[Event "8th Southwest Class"]
[Site "Forth Worth, TX"]
[Date "2017.02.20"]
[Round "9.10"]
[White "GM Raznikov, Dani"]
[Black "IM Rao, Prasanna"]
[Result "1/2-1/2"]
[WhiteElo "2514"]
[BlackElo "2477"]
[PlyCount "40"]
[EventDate "2017.02.??"]
[EventType "swiss"]
[EventRounds "9"]
[EventCountry "USA"]

1. d4 d5 2. Nf3 Nf6 3. c4 c6 4. cxd5 cxd5 5. Nc3 Nc6 6. Bf4 Bf5 7. e3 e6 8. Bd3
Bxd3 9. Qxd3 Bd6 10. Bxd6 Qxd6 11. O-O O-O 12. Rfc1 Rfc8 13. Ne2 Ne7 14. h3 h6
15. Rxc8+ Rxc8 16. Rc1 Rxc1+ 17. Nxc1 a6 18. Qc2 Qc6 19. Qxc6 Nxc6 20. Nd3 Nd7
1/2-1/2

[Event "8th Southwest Class"]
[Site "Forth Worth, TX"]
[Date "2017.02.20"]
[Round "9.11"]
[White "IM Drozowski, Kaeper"]
[Black "Patel, Advait"]
[Result "0-1"]
[WhiteElo "2496"]
[BlackElo "2377"]
[PlyCount "90"]
[EventDate "2017.02.??"]
[EventType "swiss"]
[EventRounds "9"]
[EventCountry "USA"]

1. e4 e5 2. Nf3 Nc6 3. Nc3 Nf6 4. d4 exd4 5. Nxd4 Bb4 6. Nxc6 bxc6 7. Bd3 d5 8.
exd5 cxd5 9. O-O O-O 10. Bg5 c6 11. Qf3 Be7 12. Rfe1 h6 13. Bf4 Be6 14. b3 Re8
15. Na4 Qa5 16. h3 c5 17. Be5 Nd7 18. Bc3 Qc7 19. Bf5 Bd6 20. Rad1 Rad8 21. Qg4
d4 22. Bxe6 Nf6 23. Qh4 fxe6 24. Bd2 Qf7 25. Nb2 e5 26. Nc4 Bc7 27. Ba5 Bxa5
28. Nxa5 e4 29. Qf4 Rd5 30. Nc4 Qg6 31. c3 Rf5 32. Qh4 e3 33. f3 Rxf3 34. cxd4
e2 35. Rc1 Rg3 36. Ne5 Rxg2+ 37. Kh1 Rxe5 38. dxe5 Ne4 39. Rg1 Rxg1+ 40. Rxg1
Ng3+ 41. Kh2 Nf1+ 42. Kh1 Qc6+ 43. Rg2 Qf3 44. b4 Ng3+ 45. Kh2 e1=Q 0-1

[Event "8th Southwest Class"]
[Site "Forth Worth, TX"]
[Date "2017.02.20"]
[Round "9.14"]
[White "FM Taghizadeh, Rayan"]
[Black "Hong, Andrew"]
[Result "1/2-1/2"]
[WhiteElo "2327"]
[BlackElo "2387"]
[PlyCount "87"]
[EventDate "2017.02.??"]
[EventType "swiss"]
[EventRounds "9"]
[EventCountry "USA"]

1. e4 c5 2. Nf3 d6 3. d4 cxd4 4. Nxd4 Nf6 5. Nc3 a6 6. Be2 e5 7. Nb3 Be7 8. Bg5
Be6 9. Bxf6 Bxf6 10. Qd3 Be7 11. O-O-O Nd7 12. Nd5 Bxd5 13. Qxd5 Qc7 14. Kb1
Nf6 15. Qd3 O-O 16. g4 b5 17. g5 Nd7 18. h4 Rfd8 19. f4 exf4 20. Rhf1 Rac8 21.
c3 Ne5 22. Qd5 Qb6 23. Rxf4 Qe3 24. Qd2 Qb6 25. Nd4 Qb7 26. Nf5 Rc7 27. Qd5 Qb6
28. Qd4 Qb8 29. Ne3 Rcd7 30. Nd5 Re8 31. Bg4 Rb7 32. Nxe7+ Rbxe7 33. Bf5 Rd8
34. h5 Qb7 35. h6 g6 36. Bh3 Qa7 37. Qxa7 Rxa7 38. Rf6 Kf8 39. Rdxd6 Rxd6 40.
Rxd6 Ke7 41. Rf6 Nd3 42. Bc8 a5 43. Rb6 b4 44. Bb7 1/2-1/2

[Event "8th Southwest Class"]
[Site "Forth Worth, TX"]
[Date "2017.02.20"]
[Round "9.15"]
[White "Giannatos, Peter"]
[Black "GM Boros, Denes"]
[Result "0-1"]
[WhiteElo "2284"]
[BlackElo "2444"]
[PlyCount "66"]
[EventDate "2017.02.??"]
[EventType "swiss"]
[EventRounds "9"]
[EventCountry "USA"]

1. d4 e6 2. Bf4 Nf6 3. e3 b6 4. Nf3 Bb7 5. Bd3 d5 6. Nbd2 Bd6 7. Bg3 O-O 8. O-O
c5 9. c3 Nc6 10. Ne5 Rc8 11. f4 Ne7 12. Qb1 Rc7 13. Bh4 Ng6 14. Bg5 Qa8 15.
Bxf6 gxf6 16. Ng4 f5 17. Ne5 f6 18. Nef3 Kh8 19. Kh1 Rg8 20. Rg1 Qf8 21. Qe1
Qh6 22. Qe2 Rcg7 23. g3 Rc7 24. Rg2 Rcg7 25. Rag1 Ne7 26. Nh4 Bb8 27. Qf1 Nc8
28. Be2 Nd6 29. Qf3 Nc4 30. Qh5 Qxh5 31. Bxh5 Nxb2 32. dxc5 bxc5 33. Nb3 Na4
0-1

[Event "8th Southwest Class"]
[Site "Forth Worth, TX"]
[Date "2017.02.20"]
[Round "9.16"]
[White "Matta, Nicholas"]
[Black "IM Aponte, Felix"]
[Result "1/2-1/2"]
[WhiteElo "2019"]
[BlackElo "2397"]
[PlyCount "71"]
[EventDate "2017.02.??"]
[EventType "swiss"]
[EventRounds "9"]
[EventCountry "USA"]

1. d4 Nf6 2. c4 e6 3. g3 c5 4. Nf3 b6 5. Bg2 Bb7 6. d5 exd5 7. Nh4 g6 8. Nc3
Bg7 9. O-O O-O 10. Bg5 Qe8 11. Nxd5 Nxd5 12. Bxd5 Bxd5 13. Qxd5 Nc6 14. Qd2 Qe6
15. Rac1 Rfe8 16. Be3 Ne5 17. b3 Ng4 18. Ng2 Nxe3 19. Nxe3 Bd4 20. Rcd1 Rad8
21. Nc2 Qxe2 22. Nxd4 cxd4 23. Qxd4 Qxa2 24. Ra1 Qxb3 25. Rxa7 Re6 26. Rxd7
Rxd7 27. Qxd7 Qxc4 28. Rb1 h5 29. h4 Kg7 30. Qb7 b5 31. Qxb5 Re1+ 32. Kg2 Qc2
33. Qb2+ Qxb2 34. Rxb2 f6 35. Rb7+ Kh6 36. Rb6 1/2-1/2

[Event "8th Southwest Class"]
[Site "Forth Worth, TX"]
[Date "2017.02.20"]
[Round "9.17"]
[White "Kung, Thomas"]
[Black "IM Viswanadha, Kesav"]
[Result "1/2-1/2"]
[WhiteElo "1992"]
[BlackElo "2372"]
[PlyCount "78"]
[EventDate "2017.02.??"]
[EventType "swiss"]
[EventRounds "9"]
[EventCountry "USA"]

1. e4 e5 2. Nf3 Nc6 3. Nc3 Nf6 4. Bb5 Bb4 5. O-O O-O 6. d3 d6 7. Ne2 Ne7 8. c3
Ba5 9. Ng3 c6 10. Ba4 Ng6 11. Bc2 Bc7 12. d4 Re8 13. Re1 h6 14. h3 Be6 15. Be3
Qe7 16. Qe2 Rad8 17. a4 a5 18. Rad1 Bc8 19. Bc1 Qf8 20. Qf1 Bd7 21. Be3 Rb8 22.
dxe5 Nxe5 23. Nd4 b5 24. axb5 c5 25. Nc6 Nxc6 26. bxc6 Bxc6 27. Bc1 d5 28. exd5
Bxd5 29. Nh5 Nxh5 30. Rxd5 Rxe1 31. Qxe1 Nf6 32. Rd1 c4 33. Qe2 Qc5 34. Qf3 Qe5
35. g3 Re8 36. Be3 Qb5 37. Bc1 Bb6 38. Kg2 Qe5 39. Bf4 Qb5 1/2-1/2

[Event "8th Southwest Class"]
[Site "Forth Worth, TX"]
[Date "2017.02.20"]
[Round "9.18"]
[White "Sanchez, Robert"]
[Black "Lederer, Yoav"]
[Result "1/2-1/2"]
[WhiteElo "1863"]
[BlackElo "2317"]
[PlyCount "42"]
[EventDate "2017.02.??"]
[EventType "swiss"]
[EventRounds "9"]
[EventCountry "USA"]

1. e4 c5 2. Nf3 e6 3. d4 cxd4 4. Nxd4 a6 5. Bd3 Nf6 6. O-O Qc7 7. Nc3 d6 8. Be3
Nbd7 9. a4 Be7 10. Nb3 b6 11. f4 Bb7 12. Kh1 O-O 13. Qe2 Rfe8 14. Rae1 Bf8 15.
Bg1 Nc5 16. Nxc5 bxc5 17. e5 Nd7 18. b3 g6 19. Ne4 d5 20. Ng5 Bg7 21. Qg4 c4
1/2-1/2

[Event "8th Southwest Class"]
[Site "Forth Worth, TX"]
[Date "2017.02.20"]
[Round "9.19"]
[White "Tsay, Vincent"]
[Black "Studen, Damir"]
[Result "0-1"]
[WhiteElo "1834"]
[BlackElo "2223"]
[PlyCount "120"]
[EventDate "2017.02.??"]
[EventType "swiss"]
[EventRounds "9"]
[EventCountry "USA"]

1. d4 d5 2. c4 c6 3. Nf3 e6 4. g3 Nf6 5. Bg2 Be7 6. O-O O-O 7. Qc2 b6 8. Nbd2
Bb7 9. e4 Nxe4 10. Nxe4 dxe4 11. Qxe4 Nd7 12. Rd1 Qc8 13. Qc2 c5 14. d5 exd5
15. cxd5 Bd6 16. Nd2 b5 17. Ne4 Be5 18. Be3 c4 19. f4 Bc7 20. Kh1 h6 21. Bd4 f5
22. Nc5 Nxc5 23. Bxc5 Rf7 24. Bg1 Bd6 25. Re1 Qc7 26. Re6 Rd8 27. Rae1 Bf8 28.
R6e5 Bc8 29. Qe2 Bd7 30. Qh5 Rf6 31. Bd4 Bc5 32. Bxc5 Qxc5 33. Re7 Qd6 34. h3
b4 35. Qe2 Rc8 36. Qe3 Rc7 37. Qe5 c3 38. bxc3 bxc3 39. Rc1 Kf8 40. Bf3 Qxe5
41. Rxe5 c2 42. Re3 Rb6 43. Rb3 Ba4 44. Rxb6 axb6 45. Kg2 Rc3 46. d6 Ke8 47.
Bd5 Kd7 48. Bb3 Bxb3 49. axb3 Kxd6 50. Kf2 Kc5 51. Ke2 Kb4 52. g4 fxg4 53. hxg4
Kxb3 54. g5 hxg5 55. fxg5 Kb2 56. Kd2 Rc5 57. g6 Rd5+ 58. Ke3 Kxc1 59. Ke4 Rc5
60. Kf4 Kd1 0-1

[Event "8th Southwest Class"]
[Site "Forth Worth, TX"]
[Date "2017.02.20"]
[Round "9.20"]
[White "FM Rozman, Levy"]
[Black "Toolin, Christopher"]
[Result "1/2-1/2"]
[WhiteElo "2404"]
[BlackElo "2209"]
[PlyCount "185"]
[EventDate "2017.02.??"]
[EventType "swiss"]
[EventRounds "9"]
[EventCountry "USA"]

1. d4 d5 2. c4 e6 3. Nc3 Nf6 4. Nf3 Bb4 5. Bg5 Nbd7 6. Qc2 c5 7. e3 Qa5 8. Bxf6
Nxf6 9. Bd3 cxd4 10. Nxd4 dxc4 11. Bxc4 Bd7 12. O-O Bxc3 13. bxc3 Rc8 14. Qb3
Ne4 15. Nxe6 Nd2 16. Nxg7+ Kf8 17. Qxb7 Rc7 18. Qd5 Nxc4 19. Qxa5 Nxa5 20. Nh5
Be6 21. Rad1 Ke7 22. f4 f5 23. e4 fxe4 24. f5 Bc4 25. Rfe1 Kf7 26. Rxe4 Rg8 27.
Rd6 Re7 28. Rxe7+ Kxe7 29. Rh6 a6 30. Rxh7+ Kd6 31. Kf2 Nc6 32. Rh6+ Kc7 33.
Nf6 Rb8 34. g4 Rb2+ 35. Kg3 Rxa2 36. g5 Ra1 37. Ne8+ Kd7 38. Rd6+ Kxe8 39. Rxc6
Bd3 40. Rc5 a5 41. g6 a4 42. Kh4 Ke7 43. Kg5 Rg1+ 44. Kh6 Kf6 45. h4 Rh1 46. h5
Be2 47. Rc6+ Kxf5 48. Rc5+ Kf6 49. Rc6+ Ke7 50. Rc7+ Kd6 51. Ra7 Bxh5 52. g7
Bf7+ 53. Kg5 Rg1+ 54. Kh6 Bb3 55. Kh7 Rh1+ 56. Kg6 Rh4 57. Kf5 Kc6 58. c4 Rxc4
59. g8=Q Rc5+ 60. Ke4 Bxg8 61. Rxa4 Bh7+ 62. Kf4 Kd5 63. Rb4 Rc7 64. Rb5+ Kd4
65. Rb4+ Kc5 66. Ra4 Bg8 67. Ke4 Bd5+ 68. Ke5 Re7+ 69. Kf6 Re1 70. Kf5 Bc4 71.
Ra7 Kd4 72. Rd7+ Bd5 73. Rd8 Rf1+ 74. Kg4 Ke5 75. Re8+ Be6+ 76. Kg3 Rf6 77. Ra8
Rg6+ 78. Kf2 Bd5 79. Ra7 Kf4 80. Ke2 Rg3 81. Kd2 Ke4 82. Ra4+ Ke5 83. Rb4 Rg2+
84. Ke3 Rh2 85. Re4+ Kd6 86. Re8 Rh3+ 87. Kd4 Rh4+ 88. Ke3 Be6 89. Rd8+ Ke5 90.
Rf8 Ra4 91. Rd8 Ra3+ 92. Rd3 Ra4 93. Rd8 1/2-1/2

[Event "8th Southwest Class"]
[Site "Forth Worth, TX"]
[Date "2017.02.20"]
[Round "9.22"]
[White "Zhang, Chao"]
[Black "WIM Nguyen, Emily"]
[Result "1/2-1/2"]
[WhiteElo "2242"]
[BlackElo "2206"]
[PlyCount "145"]
[EventDate "2017.02.??"]
[EventType "swiss"]
[EventRounds "9"]
[EventCountry "USA"]

1. d4 d5 2. c4 c6 3. Nf3 Nf6 4. Nc3 e6 5. Bg5 Nbd7 6. e3 Be7 7. Qc2 O-O 8. Rd1
dxc4 9. Bxc4 Nd5 10. Bxe7 Qxe7 11. O-O b6 12. Nxd5 cxd5 13. Bd3 Nf6 14. Rc1 Bd7
15. Ba6 Qb4 16. Qd3 Bc8 17. b3 Qa3 18. Bb5 Bb7 19. Rc7 Rab8 20. Qc2 Rbc8 21.
Rc1 Rxc7 22. Qxc7 Ba6 23. Bxa6 Qxa6 24. a4 h6 25. Ne5 Qe2 26. Qc2 Qa6 27. f3
Qb7 28. Qc7 Qa6 29. Kf2 Qa5 30. Qc3 Qa6 31. Rc2 g6 32. Qd3 Qb7 33. Qc3 Qa6 34.
Qc7 Kg7 35. Qe7 Ng8 36. Qd6 Nf6 37. Qc7 h5 38. Qd6 Qa5 39. Qe7 Ng8 40. Qc7 Qb4
41. Qc3 Qxc3 42. Rxc3 Re8 43. Rc7 Re7 44. Rc8 Rb7 45. Ke2 Ne7 46. Ra8 Rc7 47.
Kd2 f6 48. Nd3 Nc6 49. Nf4 Re7 50. Rc8 Na5 51. Rc7 Nxb3+ 52. Kd3 Kf7 53. Rxe7+
Kxe7 54. Nxg6+ Kf7 55. Nf4 h4 56. e4 dxe4+ 57. fxe4 e5 58. dxe5 fxe5 59. Ne2
Nc5+ 60. Kc4 Nxa4 61. Kd5 Kf6 62. g4 hxg3 63. hxg3 b5 64. g4 b4 65. Kc4 Nc3 66.
Nc1 Nxe4 67. Nd3 a5 68. Kb5 b3 69. Kxa5 Nf2 70. Nb2 e4 71. Kb4 e3 72. Kc3 Kg5
73. Nc4 1/2-1/2

[Event "8th Southwest Class"]
[Site "Forth Worth, TX"]
[Date "2017.02.20"]
[Round "9.24"]
[White "FM Gorti, Akshita"]
[Black "Metpally, Jason"]
[Result "1-0"]
[WhiteElo "2169"]
[BlackElo "2100"]
[PlyCount "95"]
[EventDate "2017.02.??"]
[EventType "swiss"]
[EventRounds "9"]
[EventCountry "USA"]

1. d4 Nf6 2. c4 e6 3. Nc3 Bb4 4. e3 O-O 5. Nge2 d5 6. a3 Bd6 7. c5 Be7 8. b4 b6
9. Nf4 c6 10. Be2 Nbd7 11. Nd3 Qc7 12. O-O e5 13. Bb2 exd4 14. exd4 Ne4 15. Qc2
Bf6 16. cxb6 axb6 17. Nxd5 Qd6 18. Nxf6+ Ndxf6 19. Rac1 Bb7 20. Ne5 Rac8 21.
Bd3 Ng5 22. Rfe1 Ne6 23. Bf5 Rce8 24. Nc4 Qd8 25. Bxe6 fxe6 26. Ne5 Qd5 27.
Nxc6 Rf7 28. Qc4 Rc7 29. Qxd5 Nxd5 30. Ne5 Rec8 31. Rxc7 Rxc7 32. Rc1 Rxc1+ 33.
Bxc1 b5 34. f3 Nb6 35. Kf2 Bd5 36. Ke3 Nc4+ 37. Kf4 Nxe5 38. Kxe5 Kf7 39. Kd6
Bb3 40. Kc5 Bc4 41. g4 Ke7 42. f4 g6 43. f5 gxf5 44. gxf5 Kd7 45. fxe6+ Kxe6
46. Kc6 Ke7 47. d5 Bb3 48. d6+ 1-0

[Event "8th Southwest Class"]
[Site "Forth Worth, TX"]
[Date "2017.02.20"]
[Round "9.26"]
[White "Guo, Arthur"]
[Black "Xie, Tianming"]
[Result "1/2-1/2"]
[WhiteElo "2126"]
[BlackElo "2004"]
[PlyCount "54"]
[EventDate "2017.02.??"]
[EventType "swiss"]
[EventRounds "9"]
[EventCountry "USA"]

1. e4 c5 2. Ne2 d6 3. g3 Nc6 4. Bg2 g6 5. c3 Bg7 6. d4 e6 7. Be3 cxd4 8. Nxd4
a6 9. Nd2 Nxd4 10. Bxd4 e5 11. Be3 Be6 12. O-O Ne7 13. Qe2 O-O 14. a4 d5 15.
exd5 Bxd5 16. Bxd5 Nxd5 17. Bc5 Re8 18. Ne4 Qc7 19. Rfd1 Rad8 20. Rd2 Nf6 21.
Rxd8 Rxd8 22. a5 Nxe4 23. Bb6 Rd2 24. Qxe4 Qd7 25. Rb1 h5 26. Be3 Rd5 27. Bb6
f5 1/2-1/2

[Event "8th Southwest Class"]
[Site "Forth Worth, TX"]
[Date "2017.02.20"]
[Round "9.28"]
[White "Hu, Yi"]
[Black "Kirumaki, Ronut"]
[Result "0-1"]
[WhiteElo "2152"]
[BlackElo "1848"]
[PlyCount "56"]
[EventDate "2017.02.??"]
[EventType "swiss"]
[EventRounds "9"]
[EventCountry "USA"]

1. e4 c5 2. Nf3 d6 3. d4 cxd4 4. Nxd4 Nf6 5. Nc3 a6 6. Be2 e5 7. Nb3 Be7 8. Be3
Be6 9. f4 Qc7 10. f5 Bc4 11. O-O b5 12. a3 Nbd7 13. Nd2 Bxe2 14. Qxe2 Nb6 15.
Kh1 Rc8 16. a4 Nxa4 17. Nxa4 bxa4 18. c3 O-O 19. Rxa4 Rb8 20. Rb1 a5 21. Bg5
Rfc8 22. Nf1 Nxe4 23. Bxe7 Nxc3 24. bxc3 Rxb1 25. f6 Qxc3 26. Rg4 g6 27. Bxd6
Qd2 28. Qa6 Rxf1+ 0-1

[Event "8th Southwest Class"]
[Site "Forth Worth, TX"]
[Date "2017.02.20"]
[Round "9.29"]
[White "Blanco, Cesar"]
[Black "Polavaram, Rithik"]
[Result "1-0"]
[WhiteElo "2090"]
[BlackElo "1908"]
[PlyCount "101"]
[EventDate "2017.02.??"]
[EventType "swiss"]
[EventRounds "9"]
[EventCountry "USA"]

1. d4 Nf6 2. Bf4 e6 3. e3 d5 4. Nd2 c5 5. c3 Nc6 6. Ngf3 Bd6 7. Bg3 O-O 8. Ne5
Qc7 9. f4 Nd7 10. Bd3 f5 11. Bh4 Ndxe5 12. fxe5 Be7 13. Bxe7 Qxe7 14. O-O Bd7
15. Be2 c4 16. a4 b6 17. b3 cxb3 18. Nxb3 Rac8 19. Qd2 a5 20. Rfb1 Rc7 21. Nc1
Rb8 22. Rb2 Na7 23. Nd3 Qd8 24. g4 fxg4 25. Qe1 Rc4 26. Nf4 Rxa4 27. Rxa4 Bxa4
28. Nxe6 Qc8 29. Nf4 Bc6 30. Qg3 h5 31. Nxh5 Bd7 32. e6 Bxe6 33. Qe5 Rb7 34.
Rxb6 Nc6 35. Qg5 Kf8 36. Ba6 Rxb6 37. Bxc8 Bxc8 38. Qxg7+ Ke8 39. Nf6+ Kd8 40.
Nxd5 Rb1+ 41. Kf2 Bb7 42. Qf8+ Kd7 43. Qf5+ Kd8 44. Qxb1 Bc8 45. Qb6+ Kd7 46.
Qc7+ Ke8 47. Qxc6+ Kf8 48. Qf6+ Kg8 49. Ne7+ Kh7 50. Qg6+ Kh8 51. Qg8# 1-0